000 01442cam a22004097a 4500
003 CHAP
005 20220817042141.0
008 971013s1983 r 00010 d
010 _a36147
011 _a37119
035 _a41238
040 _cCHAP
090 _aTesis
100 0 0 _aPalacios Morales, Ignacio.
_984819
245 0 _aEvaluación agronómica de estiércol y su interacción con fertilizante mineral en asociación maíz-frijol en el Valle de Huamantla
260 _aChapingo, Méx. :
_bEl autor,
_c1983
300 _a132 h.
_b: gráfs.
502 _aTesis (Ing. Agr. Esp. en Zonas Aridas) -- UACH. Departamento de Zonas Aridas
590 _aALEPH
_b10
_c20130110
_lUCH01
_h1301
590 _aBATCH-UPD
_b10
_c20130110
_lUCH01
_h1212
590 _aBATCH-UPD
_b10
_c20130410
_lUCH01
_h0750
590 _aBATCH-UPD
_b10
_c20130913
_lUCH01
_h1825
590 _aBATCH-UPD
_b10
_c20130914
_lUCH01
_h1124
590 _aCONVERSION
_b10
_c20130109
_lUCH01
_h1320
650 1 4 _aAbonos.
_9235
650 1 4 _aCultivos asociados.
_930370
650 1 4 _aEstiércol.
_938313
650 1 4 _aFertilizantes minerales.
_940595
650 1 4 _aFrijol
_xTlaxcala.
_943440
650 1 4 _aMaíz
_xTlaxcala.
_971071
710 0 _aUACH. Departamento de Zonas Aridas.
901 _aBK
942 _cFOLL
949 _bBC
_cTES
_d-94381
_eTS1
_i41238
_si
949 _bBC
_cTES
_d-94382
_eTS2
_fc.2
_i41238
_si
949 _bBC
_cTES
_d-94383
_eTS2
_fc.3
_h21667
_i41238
_si
999 _c36147
_d36147